[Event "SVK Extraliga 2017-18"]
[Site "Slovakia"]
[Date "2017.10.01"]
[Round "2"]
[White "Cutmore, Martin J"]
[Black "Czebe, Attila"]
[Result "1-0"]
[WhiteElo "2046"]
[BlackElo "2467"]
[Annotator "TA"]
[PlyCount "87"]
[EventDate "2017.09.30"]
[EventType "team-tourn"]
[EventCountry "SVK"]
[SourceTitle "playchess.com"]
[Source "ChessBase"]
[SourceQuality "1"]

{[%evp 9,87,4,6,2,8,0,14,22,47,45,37,11,52,10,31,0,0,0,0,0,0,0,27,0,31,28,20,14,55,7,25,22,45,41,45,35,50,50,51,29,49,39,45,45,94,82,74,74,142,125,123,133,132,129,130,130,130,130,130,131,131,131,131,128,123,116,118,118,220,179,274,287,322,295,383,372,377,380,705,689]} 1. d4 Nf6 2. Nf3 b6 3. Bf4 Bb7 4. e3 g6 5. Be2 (5. c4 Bg7 6. Nc3 O-O 7. h3 d5 8. Qb3 e6 9. cxd5 Nxd5 10. Nxd5 Bxd5 11. Bc4 Bxf3 12. gxf3 Nd7 {1-0 (57) Karjakin,S (2781)-Vachier Lagrave,M (2796) Stavanger 2017}) 5... Bg7 6. O-O {A47: 1 d4 Nf6 2 Nf3 b6: Torre, London and Colle Systems} O-O 7. a4 {[%cal Ba2a4,Ba4a5,Ba5a6][%mdl 32]} d6 8. a5 {The position is equal.} Nc6 9. a6 Bc8 10. Nc3 Bf5 11. Ra4 (11. d5 $5 {[%cal Rd5c6]} Nb4 12. Nd4 $11) 11... Nb8 12. Bd3 Bxd3 13. Qxd3 c6 $146 14. e4 b5 15. Ra2 Qb6 16. Rfa1 (16. e5 $5 {[%cal Re5f6]} Nh5 17. Bg5 Nxa6 18. Rxa6 Qxa6 19. Bxe7 $11) 16... b4 17. Nb1 $36 {[%cal Bc3b1,Bb1d2,Bd2b3][%mdl 2080] White is pushing.} Nbd7 18. Nbd2 Qb5 19. Nb3 (19. Qb3 {seems wilder.} Rac8 20. Ra5 Qb8 21. h3 c5 22. e5) 19... Qxd3 20. cxd3 Rab8 21. Be3 Rfc8 22. Rc1 Ne8 23. Nfd2 f5 24. f3 Kf7 25. Nc4 c5 26. dxc5 Nxc5 27. Nxc5 dxc5 28. Ra5 Rc6 (28... fxe4 $142 29. fxe4 Bd4) 29. Bxc5 Rxc5 30. Rxc5 {[#] Threatens to win with Ne5+.} Bd4+ 31. Kf1 Bxc5 32. Ne5+ Ke6 {...Be3 is the strong threat.} 33. Rxc5 $16 {[%mdl 4096] Endgame KRN-KRN} Rb6 34. Ke2 Rxa6 35. Rc6+ Rxc6 36. Nxc6 {KN-KN} Kd6 37. Nxb4 Kc5 38. Nc2 f4 (38... fxe4 $16 39. fxe4 (39. dxe4 Kc4 $16) 39... e6) 39. Kd2 a5 (39... Nd6 $142 40. b4+ Kc6 41. Nd4+ Kd7) 40. Kc3 $18 Nd6 41. d4+ {[%cal Bd3d4,Bd4d5][%mdl 32]} Kc6 42. d5+ Kb6 43. Kd4 Kb5 $2 {[#]} (43... a4 44. Nb4 Nb7) 44. Ke5 {Precision: White = 70%, Black = 38%.} 1-0

[Event "SVK Extraliga 2017-18"]
[Site "Slovakia"]
[Date "2017.10.01"]
[Round "2"]
[White "Szeko, Ludovit"]
[Black "Tauber, Marek"]
[Result "0-1"]
[WhiteElo "2042"]
[BlackElo "2129"]
[Annotator "NA"]
[PlyCount "119"]
[EventDate "2017.09.30"]
[EventType "team-tourn"]
[EventCountry "SVK"]
[SourceTitle "playchess.com"]
[Source "ChessBase"]
[SourceQuality "1"]
[TimeControl "40/5400+30:1800+30"]

1. e4 {[%emt 0:00:00]} c5 {[%emt 0:00:57]} 2. Nf3 {[%emt 0:00:00]} Nc6 {[%emt 0:00:16]} 3. d4 {[%emt 0:00:00]} cxd4 {[%emt 0:00:07]} 4. Nxd4 {[%emt 0:00:03]} e5 {[%emt 0:00:59]} 5. Nb5 {[%emt 0:01:11]} a6 {[%emt 0:00:11]} 6. N5c3 {[%emt 0:03:13]} Nf6 {[%emt 0:00:10]} 7. a4 {[%emt 0:00:38]} Bb4 {[%emt 0:12:33]} 8. Bc4 {[%emt 0:00:14]} O-O {[%emt 0:00:29]} 9. O-O {[%emt 0:00:31]} h6 {[%emt 0:06:46]} 10. Be3 {[%emt 0:00:56]} d6 {[%emt 0:02:18]} 11. Qe2 {[%emt 0:01:59]} Bg4 {[%emt 0:09:58]} 12. f3 {[%emt 0:00:20]} Be6 {[%emt 0:00:02]} 13. Rd1 {[%emt 0:00:32]} Nd4 {[%emt 0:09:56]} 14. Bxd4 {[%emt 0:02:03]} exd4 {[%emt 0:00:02]} 15. Na2 {[%emt 0:00:57]} Bc5 {[%emt 0:00:56]} 16. Bd3 {[%emt 0:00:38]} Nh5 {[%emt 0:07:45]} 17. g3 {[%emt 0:05:30]} Qg5 {[%emt 0:07:57]} 18. Qg2 {[%emt 0:03:34]} f5 {[%emt 0:09:24]} 19. exf5 {[%emt 0:02:19]} Bxf5 {[%emt 0:00:01]} 20. f4 {[%emt 0:01:37]} Qg4 {[%emt 0:00:53]} 21. Nd2 {[%emt 0:01:01]} Nf6 {[%emt 0:02:56]} 22. Re1 {[%emt 0:03:29]} Rae8 {[%emt 0:00:19]} 23. b4 {[%emt 0:04:31]} Ba7 {[%emt 0:01:17]} 24. Qxb7 {[%emt 0:00:23]} Bb8 {[%emt 0:03:28]} 25. Qf3 {[%emt 0:01:50]} Qg6 {[%emt 0:02:01]} 26. b5 {[%emt 0:01:11]} axb5 {[%emt 0:01:04]} 27. axb5 {[%emt 0:00:19]} d5 {[%emt 0:00:02]} 28. Nb4 {[%emt 0:00:49]} Be4 {[%emt 0:00:39]} 29. Nc6 {[%emt 0:05:46]} Bd6 {[%emt 0:04:15]} 30. f5 {[%emt 0:05:46]} Qg5 {[%emt 0:04:10]} 31. Nxe4 {[%emt 0:02:34]} dxe4 {[%emt 0:01:20]} 32. Bxe4 {[%emt 0:00:57]} Nxe4 {[%emt 0:04:19]} 33. Rxe4 {[%emt 0:00:11]} Rxe4 {[%emt 0:00:30]} 34. Qxe4 {[%emt 0:00:17]} Qxf5 {[%emt 0:00:19]} 35. Qxf5 {[%emt 0:04:21]} Rxf5 {[%emt 0:00:01]} 36. Rb1 {[%emt 0:00:11]} Bc5 {[%emt 0:00:15]} 37. Kg2 {[%emt 0:00:08]} Rf6 {[%emt 0:01:38]} 38. Rd1 {[%emt 0:02:25]} Bb6 {[%emt 0:04:56]} 39. Nxd4 {[%emt 0:09:08]} Rd6 {[%emt 0:00:10]} 40. c3 {[%emt 0:00:03]} Rd5 {[%emt 0:31:59]} 41. Rb1 {[%emt 0:30:50]} Kf7 {[%emt 0:02:42]} 42. Kf3 {[%emt 0:01:16]} Ke7 {[%emt 0:00:00]} 43. Ke4 {[%emt 0:00:00]} Rg5 {[%emt 0:00:00]} 44. Kd3 {[%emt 0:00:00]} Kd6 {[%emt 0:00:00]} 45. Kc4 {[%emt 0:00:00]} g6 {[%emt 0:00:00]} 46. Rf1 {[%emt 0:00:00]} Rg4 {[%emt 0:00:51]} 47. Rf7 {[%emt 0:00:00]} h5 {[%emt 0:01:09]} 48. Rf6+ {[%emt 0:00:00]} Kc7 {[%emt 0:00:06]} 49. Rf4 {[%emt 0:00:00]} Rxf4 {[%emt 0:01:54]} 50. gxf4 {[%emt 0:00:00]} Kd6 {[%emt 0:00:19]} 51. Kd3 {[%emt 0:00:00]} Kd7 {[%emt 0:01:03]} 52. h3 {[%emt 0:00:00]} Kd6 {[%emt 0:00:29]} 53. c4 {[%emt 0:00:00]} Ba5 {[%emt 0:00:33]} 54. Nb3 {[%emt 0:00:00]} Bd8 {[%emt 0:00:23]} 55. Ke4 {[%emt 0:00:00]} g5 {[%emt 0:00:35]} 56. c5+ {[%emt 0:00:00]} Ke6 {[%emt 0:00:36]} 57. Nd4+ {[%emt 0:00:00]} Kd7 {[%emt 0:00:30]} 58. fxg5 {[%emt 0:00:00]} Bxg5 {[%emt 0:00:21]} 59. Kd5 {[%emt 0:00:00]} Bd8 {[%emt 0:01:11]} 60. b6 {[%emt 0:00:00]} 0-1

[Event "SVK Extraliga 2017-18"]
[Site "Slovakia"]
[Date "2017.10.01"]
[Round "2"]
[White "Jovanovic, Miroslav M"]
[Black "Pacher, Milan"]
[Result "0-1"]
[WhiteElo "1935"]
[BlackElo "2443"]
[Annotator "TA"]
[PlyCount "50"]
[EventDate "2017.09.30"]
[EventType "team-tourn"]
[EventCountry "SVK"]
[SourceTitle "playchess.com"]
[Source "ChessBase"]
[SourceQuality "1"]

{[%evp 10,50,15,14,14,7,13,-19,-29,-17,-28,-15,-24,-15,16,0,11,18,5,-43,-12,-37,-21,0,-18,-185,-189,-187,-73,-191,-139,-339,-347,-333,-303,-443,-448,-625,-621,-616,-601,-862,-852]} 1. c4 Nf6 2. Nc3 e6 3. e4 {[%cal Be2e4,Be4e5][%mdl 32]} d5 4. cxd5 exd5 5. e5 Ne4 6. Nf3 {LiveBook: 74 Games} Bf5 {A18: English Opening: Flohr-Mikenas System (1 c4 Nf6 2 Nc3 e6 3 e4)} 7. Be2 d4 8. Qa4+ $146 ({Predecessor:} 8. Nxe4 Bxe4 9. Bc4 Bd5 10. Qb3 Bxc4 11. Qxc4 Nc6 12. O-O Qd7 13. d3 Qe6 14. Qxe6+ fxe6 {½-½ (35) Aronian,L (2799)-Ding,L (2777) Tbilisi 2017}) 8... Nc6 {[%cal Bb8c6,Bc6b4,Bb4d3][%mdl 32] [#] Strongly threatening ...Nc5.The position is equal.} 9. Nxe4 Bxe4 10. O-O Be7 11. d3 Bg6 12. b4 {[%cal Bb2b4,Bb4b5][%mdl 32]} O-O 13. b5 Nb4 $36 {[%mdl 2048] Black has the initiative.} 14. Bb2 Nxd3 (14... a6 {is interesting.} 15. Nxd4 Nxd3 16. Bxd3 Bxd3 17. Rfd1 axb5 18. Qb3 Bc4) 15. Bxd3 Bxd3 16. Rfd1 Be2 17. Nxd4 $2 (17. Rxd4 $11 Qc8 18. Qb3) 17... Bxd1 $19 18. Rxd1 {[#] aiming for Nf5.} Qc8 (18... Bc5 $1 $19 {And now ...Qe7 would win.} 19. Qc2 Bxd4 20. Rxd4 Qg5) 19. Re1 (19. e6 $17) 19... a6 (19... Bc5 $19 20. Nf3 Qe6) 20. Qc4 $2 (20. e6 $17 Qd8 21. Qb3) 20... axb5 21. Nxb5 Qe6 22. Qe4 (22. Qxe6 $142 fxe6 23. Nxc7 Rxa2 24. Bd4) 22... Rxa2 {Black is clearly winning.} 23. Bd4 Qc4 24. Nc3 Rd2 25. Nd5 Bd8 {Precision: White = 26%, Black = 59%.} 0-1

[Event "SVK Extraliga 2017-18"]
[Site "Slovakia"]
[Date "2017.10.01"]
[Round "2"]
[White "Casal Martin, Jose M"]
[Black "Haring, Viktor"]
[Result "1-0"]
[WhiteElo "1473"]
[BlackElo "2297"]
[Annotator "NA"]
[PlyCount "109"]
[EventDate "2017.09.30"]
[EventType "team-tourn"]
[EventCountry "SVK"]
[SourceTitle "playchess.com"]
[Source "ChessBase"]
[SourceQuality "1"]
[TimeControl "40/5400+30:1800+30"]

1. e4 {[%emt 0:00:00]} c5 {[%emt 0:00:16]} 2. Nf3 {[%emt 0:00:00]} d6 {[%emt 0:00:47]} 3. d4 {[%emt 0:00:00]} cxd4 {[%emt 0:00:11]} 4. Nxd4 {[%emt 0:00:00]} Nf6 {[%emt 0:01:21]} 5. Nc3 {[%emt 0:00:00]} Nc6 {[%emt 0:00:24]} 6. g3 {[%emt 0:02:42]} g6 {[%emt 0:06:37]} 7. Bg2 {[%emt 0:00:54]} Nxd4 {[%emt 0:07:26]} 8. Qxd4 {[%emt 0:00:06]} Bg7 {[%emt 0:00:10]} 9. O-O {[%emt 0:08:29]} O-O {[%emt 0:00:22]} 10. a4 {[%emt 0:08:53]} Bd7 {[%emt 0:05:12] B70: Sicilian Dragon: 6 g3 and 6 Be2 (without a later Be3)} (10... Be6 11. Qb4 a5 12. Qxb7 Nd7 13. Qb5 Rc8 14. Rd1 Ne5 15. Qe2 Nc4 16. Rb1 Nxb2 17. Bxb2 Bxc3 18. e5 {½-½ (94) Spangenberg,H (2487)-Mekhitarian,K (2570) Buenos Aires 2015}) 11. a5 {[%emt 0:04:27]} Bc6 {[%emt 0:20:51]} 12. Qb4 {[%emt 0:00:43]} Nd7 $146 {[%emt 0:04:34]} ({Predecessor:} 12... Qc8 13. h3 Rd8 14. Rd1 Rd7 15. Kh2 Rc7 16. Be3 h5 17. Rd2 {1-0 (32) Cosma,E (2330)-Calzetta Ruiz,M (2130) Kishinev 1995}) 13. Re1 {[%emt 0:02:40]} b6 {[%emt 0:05:42]} 14. Nd5 {[%emt 0:03:32]} Bxd5 {[%emt 0:07:29]} 15. exd5 {[%emt 0:00:48]} bxa5 {[%emt 0:00:16]} 16. Rxa5 {[%emt 0:00:48]} Rb8 {[%emt 0:02:31]} 17. Rb5 {[%emt 0:02:48]} Ne5 {[%emt 0:15:59]} 18. Rxb8 {[%emt 0:10:43]} Qxb8 {[%emt 0:00:14]} 19. Qxb8 {[%emt 0:00:05]} Rxb8 {[%emt 0:00:14]} 20. f4 {[%emt 0:00:15]} Ng4 {[%emt 0:04:45]} 21. h3 {[%emt 0:02:22]} Bd4+ {[%emt 0:00:46]} 22. Kf1 {[%emt 0:00:24]} Nf6 {[%emt 0:03:47]} 23. c3 {[%emt 0:00:30]} Bc5 {[%emt 0:00:36]} 24. g4 {[%emt 0:04:12]} Kf8 {[%emt 0:01:45]} 25. Bf3 {[%emt 0:01:28]} a5 {[%emt 0:01:40]} 26. Ke2 $14 {[%emt 0:09:53]} Rb5 {[%emt 0:06:31]} 27. Kd1 {[%emt 0:05:23]} Ba7 {[%emt 0:01:28]} 28. g5 {[%emt 0:00:34]} Nd7 {[%emt 0:01:44]} 29. Kc2 {[%emt 0:00:13]} a4 {[%emt 0:00:43]} 30. h4 {[%emt 0:07:02]} Nc5 {[%emt 0:00:35]} 31. h5 {[%emt 0:01:36]} Nb3 {[%emt 0:00:21]} 32. Re4 {[%emt 0:04:50]} Nc5 {[%emt 0:00:38]} 33. Rc4 {[%emt 0:00:36]} Ra5 {[%emt 0:00:13]} 34. h6 {[%emt 0:01:14]} Ke8 {[%emt 0:00:38]} 35. Rb4 {[%emt 0:00:35]} Kd8 {[%emt 0:00:36]} 36. Be3 {[%emt 0:14:14]} Na6 {[%emt 0:00:29]} 37. Bb6+ {[%emt 0:00:26]} Bxb6 {[%emt 0:00:06]} 38. Rxb6 {[%emt 0:00:02]} Kc7 {[%emt 0:00:55]} 39. Rc6+ {[%emt 0:00:30]} Kb7 {[%emt 0:00:06]} 40. Rc4 {[%emt 0:01:40]} Nc5 {[%emt 0:30:13]} 41. f5 {[%emt 0:33:50]} a3 {[%emt 0:00:00]} 42. bxa3 {[%emt 0:00:00]} Rxa3 {[%emt 0:00:00]} 43. Rxc5 {[%emt 0:00:00]} dxc5 {[%emt 0:00:00]} 44. d6+ {[%emt 0:00:00]} Kc8 {[%emt 0:00:00]} 45. dxe7 {[%emt 0:00:00]} Kd7 {[%emt 0:00:00]} 46. f6 {[%emt 0:00:00]} Ra6 {[%emt 0:00:00]} 47. Bd5 {[%emt 0:00:00]} Ke8 {[%emt 0:00:00]} 48. Kd3 {[%emt 0:00:00]} Rd6 {[%emt 0:00:00]} 49. Kc4 {[%emt 0:00:00]} Rd7 {[%emt 0:00:00]} 50. Be4 {[%emt 0:00:00]} Rc7 {[%emt 0:00:00]} 51. Bd5 {[%emt 0:00:00]} Rc8 {[%emt 0:00:26]} 52. Kb5 {[%emt 0:00:00]} c4 {[%emt 0:00:12]} 53. Bxc4 {[%emt 0:00:00]} Rc7 {[%emt 0:01:10]} 54. Kb4 {[%emt 0:00:00]} Rc6 {[%emt 0:00:05]} 55. Bb5 {[%emt 0:00:00]} 1-0

[Event "SVK Extraliga 2017-18"]
[Site "Slovakia"]
[Date "2017.12.09"]
[Round "5"]
[White "Navara, David"]
[Black "Krejci, Jan"]
[Result "1-0"]
[WhiteElo "2740"]
[BlackElo "2570"]
[Annotator "TA"]
[PlyCount "71"]
[EventDate "2017.??.??"]
[EventType "team-tourn"]
[EventCountry "SVK"]
[SourceTitle "playchess.com"]
[Source "ChessBase"]
[SourceQuality "1"]

{[%evp 21,71,30,34,29,51,57,61,58,81,73,117,113,100,110,160,157,167,156,185,183,195,172,197,193,181,156,147,158,231,203,248,254,260,249,247,250,459,454,456,456,452,440,456,448,522,503,494,475,687,682,672,670]} 1. c4 e6 2. Nc3 d5 3. d4 Bb4 4. a3 Bxc3+ 5. bxc3 Nf6 6. e3 O-O 7. cxd5 exd5 8. Bd3 b6 9. Ne2 Ba6 10. Bxa6 Nxa6 11. Qd3 Nb8 12. c4 {E49: Nimzo-Indian: Rubinstein: 5 Bd3 d5 6 a3 Bxc3+ 7 bxc3} c6 13. O-O Re8 14. a4 $146 {White is slightly better.} ({Predecessor:} 14. f3 Qc8 15. cxd5 cxd5 16. Ng3 Qa6 17. Qf5 Nc6 18. Ra2 Rac8 19. Re2 Re6 20. Bb2 g6 {0-1 (35) Vishnu,P (2494)-Dgebuadze,A (2512) Helmond 2013}) 14... Ne4 15. f3 Nd6 16. cxd5 cxd5 17. Nf4 Qg5 {[#]} 18. Qb3 $1 Nc6 {[%cal Bb8c6,Bc6a5,Ba5c4][%mdl 32]} 19. Nxd5 {Black must now prevent Nc7.} ({Don't do} 19. Qxd5 $6 Qxd5 20. Nxd5 Rad8 $16) 19... Rac8 20. e4 Qd8 21. Rd1 Na5 22. Qd3 Qd7 23. Ba3 Ndc4 24. Rdc1 f5 (24... Nxa3 $16 25. Qxa3 Nc6) 25. Bb4 $18 Nb2 26. Qa6 Nac4 {[#]} 27. Ba3 $1 {[%cal Ra3b2] Strongly threatening Bxb2.} fxe4 28. fxe4 {aiming for Bxb2.} Rxe4 $2 (28... Kh8 {might work better.}) 29. Bxb2 $1 {White is clearly winning.} Re2 {[#] intending ...Rxg2+.} 30. Ne7+ $1 {[%mdl 512]} Rxe7 (30... Qxe7 31. Qxc8+) 31. Rxc4 Rce8 32. Qb5 Qg4 {( -> ...Re1+)} 33. Qd5+ Kh8 34. Rf1 Re2 (34... Qe2 $142 35. Bc3 Qe3+ 36. Kh1 Qd3) 35. h3 Qg3 36. Rc3 {Precision: White = 100%, Black = 38%.} 1-0

[Event "SVK Extraliga 2017-18"]
[Site "Slovakia"]
[Date "2017.12.09"]
[Round "5"]
[White "Balogh, Csaba"]
[Black "Miton, Kamil"]
[Result "1/2-1/2"]
[WhiteElo "2632"]
[BlackElo "2596"]
[Annotator "TA"]
[PlyCount "48"]
[EventDate "2017.??.??"]
[EventType "team-tourn"]
[EventCountry "SVK"]
[SourceTitle "playchess.com"]
[Source "ChessBase"]
[SourceQuality "1"]

{[%evp 18,48,12,13,21,8,12,24,28,7,14,16,0,0,15,14,14,0,11,0,0,0,0,0,0,0,0,0,0,0,0,0,0]} 1. e4 c6 2. d4 d5 3. Nc3 dxe4 4. Nxe4 Bf5 5. Ng3 Bg6 6. h4 h6 7. Nf3 e6 8. Ne5 Bh7 9. Bd3 Bxd3 10. Qxd3 Nd7 {B19: Classical Caro-Kann: 4...Bf5 main line} 11. f4 (11. Bf4 Qa5+ 12. c3 Ngf6 13. O-O Be7 14. Nc4 Qd5 15. Ne3 Qb5 16. c4 Qa5 17. b4 Qd8 18. d5 {½-½ (55) Sutovsky,E (2683)-Caruana,F (2799) Douglas 2017}) 11... Be7 12. Bd2 Nxe5 {White has an edge.} 13. fxe5 {With the idea 0-0.} Bxh4 {The position is equal.} 14. O-O-O Bxg3 $1 15. Qxg3 Ne7 16. Qxg7 Rg8 17. Qh7 {[#] Strongly threatening Rdf1.} Qd5 18. Rhf1 O-O-O {aiming for ...Nf5.} 19. Rxf7 Qxa2 {[%cal Ra2a1]} 20. c3 Qa1+ {[#]} 21. Kc2 $146 Qa4+ 22. Kc1 Qa1+ 23. Kc2 Qa4+ 24. Kc1 Qa1+ 1/2-1/2

[Event "SVK Extraliga 2017-18"]
[Site "Slovakia"]
[Date "2017.12.09"]
[Round "5"]
[White "Vovk, Yuri"]
[Black "Plachetka, Jan"]
[Result "1-0"]
[WhiteElo "2600"]
[BlackElo "2326"]
[Annotator "TA"]
[PlyCount "101"]
[EventDate "2017.??.??"]
[EventType "team-tourn"]
[EventCountry "SVK"]
[SourceTitle "playchess.com"]
[Source "ChessBase"]
[SourceQuality "1"]

{[%evp 18,101,42,37,37,50,54,56,65,62,103,93,92,91,92,57,57,60,57,46,143,123,135,114,96,93,114,112,103,103,110,105,111,65,60,62,46,55,58,56,62,63,61,62,59,56,120,127,116,126,137,137,156,130,172,168,166,176,190,192,181,144,169,168,191,186,184,118,118,116,125,126,135,75,67,72,113,127,343,343,688,675,670,660,783,494]} 1. d4 Nf6 2. c4 c5 3. d5 b5 4. cxb5 a6 5. bxa6 g6 6. Nc3 Bxa6 7. g3 Bg7 8. Bg2 d6 9. Nf3 Nbd7 10. Rb1 Nb6 {A58: Benko/Volga Gambit: Lines with 5 bxa6} 11. b3 Bb7 {[%cal Rf6d5]} (11... Bc8 12. Nh4 h6 13. Qd3 Qd7 14. O-O g5 15. Nf3 Qf5 16. e4 Qg6 17. Re1 O-O 18. Bb2 {1-0 (56) Jojua,D (2575)-Pantsulaia,L (2607) Tbilisi 2017}) 12. Nh4 Qc8 {White is slightly better.} 13. O-O h6 {Black wants to play ...g5.} 14. e4 $146 ({Predecessor:} 14. Bb2 g5 15. Nf3 O-O 16. e4 Qg4 17. Re1 Nfd7 18. Qc2 {1-0 (34) Hanley,C (2428)-Karklins,I (2260) Riga 2011}) 14... Ba6 15. Re1 Ng4 16. Ne2 Ne5 17. Bb2 O-O 18. Nf4 Bb5 ({Better is} 18... c4 $14) 19. a4 $16 Bd7 20. Nd3 Nxd3 21. Qxd3 {Strongly threatening Bxg7.} c4 22. Qe3 $1 {Hoping for Bxg7.} Qc5 23. Qxc5 dxc5 24. Bxg7 Kxg7 25. bxc4 Nxc4 26. Rb7 Rfd8 27. e5 {[%cal Be4e5,Be5e6][%mdl 32]} Rab8 28. Ra7 Ra8 29. Rxa8 $1 Rxa8 30. e6 Bxa4 31. exf7 Ra7 (31... Nd6 $1 $14) 32. Nxg6 Kxf7 33. Nf4 Nd6 34. Ra1 c4 35. Bf3 {Threatens to win with Bd1.} Nb5 36. d6 $1 exd6 37. Bd5+ Kf6 38. Bxc4 Bc2 39. Re1 Nd4 {White must now prevent ...Nf3+.} 40. Kg2 Kf5 41. Bd5 Ra5 {[#]} 42. Bb7 (42. Kh3 $1 $18) 42... Re5 43. Ra1 Rb5 44. Bc8+ Kf6 45. h4 (45. Bg4 $142) 45... Be4+ 46. Kh3 Rb2 47. Rd1 Ke5 $2 (47... Rb4 $16) 48. Re1 $18 Rb3 $2 {[#]} (48... Rb8 49. Ng6+ Kf6) 49. Ng6+ $1 {White is clearly winning.} Kd5 50. Ne7+ Ke5 51. f4+ {Precision: White = 78%, Black = 53%.} 1-0

[Event "SVK Extraliga 2017-18"]
[Site "Slovakia"]
[Date "2017.12.09"]
[Round "5"]
[White "Antoniewski, Rafal"]
[Black "Gledura, Benjamin"]
[Result "1/2-1/2"]
[WhiteElo "2531"]
[BlackElo "2613"]
[Annotator "TA"]
[PlyCount "38"]
[EventDate "2017.??.??"]
[EventType "team-tourn"]
[EventCountry "SVK"]
[SourceTitle "playchess.com"]
[Source "ChessBase"]
[SourceQuality "1"]

{[%evp 21,38,22,15,2,12,6,45,62,46,51,50,51,50,47,64,87,68,72,84]} 1. e4 e5 2. Nf3 Nc6 3. Bc4 Bc5 4. c3 Nf6 5. d3 a6 6. O-O Ba7 7. Bb3 d6 8. Nbd2 O-O 9. h3 Be6 10. Re1 Re8 11. Nf1 h6 12. Be3 {C54: Giuoco Piano: 4 c3 Nf6, main lines with 5 d4 and 5 d3} Bxe3 13. Nxe3 d5 (13... Qd7 14. Bxe6 Qxe6 15. c4 Ne7 16. Nd5 Nexd5 17. cxd5 Qd7 18. d4 c6 19. dxc6 Qxc6 {½-½ (71) Kramnik,V (2808)-So,W (2812) Stavanger 2017}) 14. exd5 {White is slightly better.} Nxd5 15. Nxd5 Bxd5 16. d4 {[%cal Rf3e5]} e4 17. Nd2 {c4 is the strong threat.} f5 18. f3 {[%cal Bf2f3,Bf3f4][%mdl 32]} e3 $146 19. f4 $1 Na5 1/2-1/2

[Event "SVK Extraliga 2017-18"]
[Site "Slovakia"]
[Date "2017.12.09"]
[Round "5"]
[White "Antal, Gergely"]
[Black "Michalicka, Milan"]
[Result "1-0"]
[WhiteElo "2523"]
[BlackElo "2165"]
[Annotator "TA"]
[PlyCount "77"]
[EventDate "2017.??.??"]
[EventType "team-tourn"]
[EventCountry "SVK"]
[SourceTitle "playchess.com"]
[Source "ChessBase"]
[SourceQuality "1"]

{[%evp 10,77,19,2,161,170,170,157,262,242,248,240,255,199,211,211,194,203,215,168,212,220,213,207,226,226,222,222,218,236,218,177,178,176,188,202,243,233,210,179,168,165,173,173,183,199,190,140,175,180,214,199,222,220,215,231,386,383,376,422,404,375,674,665,1321,1357,1589,1546,4998,1418]} 1. e4 c5 2. Nf3 g6 3. d4 cxd4 4. Qxd4 Nf6 5. Nc3 Nc6 6. Qa4 {LiveBook: 266 Partien. B27: Sizilianisch (Frühes Fianchetto)} Qa5 $146 {[#]} (6... d6 $11 {und Schwarz ist OK.}) ({Vorgänger:} 6... d6 7. e5 dxe5 8. Nxe5 Bg7 9. Nxc6 bxc6 10. Qxc6+ Bd7 11. Qa6 O-O 12. Be2 Qc7 13. O-O Ng4 14. g3 Rab8 15. Qa3 Bd4 16. Bxg4 Bxg4 {½-½ (40) Saric,I (2621)-Vocaturo,D (2592) Helsingor 2017}) 7. Qxa5 $18 Nxa5 8. e5 {Weiß steht deutlich besser.} Ng4 (8... Nh5 $16 9. Nb5 Rb8) 9. h3 Nh6 10. Nd5 Kd8 11. Bf4 b6 12. O-O-O {[%cal Ba1d1,Bd1d2,Bd2d5][%mdl 32]} Bb7 13. Bb5 {Droht Sxb6! und aus.} Bc6 14. Be2 Rc8 15. Rd2 Bxd5 16. Rxd5 e6 17. Rd2 Nc6 18. Rhd1 Rc7 19. Bg5+ Ke8 20. Bb5 Nb8 21. Bf6 Rg8 22. Ng5 a6 23. Bf1 Nf5 24. Nxh7 Bh6 25. Bg5 Bxg5 26. Nxg5 b5 27. g4 Ne7 28. Ne4 {Droht stark Sf6+.} Rh8 29. Bg2 Nec6 30. f4 Ke7 31. Kb1 Nb4 32. Nf6 Ra7 $2 (32... N4c6 {ist eine bessere Verteidigung.} 33. Re1 Kf8) 33. c3 N4c6 34. Bxc6 dxc6 35. h4 c5 $2 (35... Rc7 36. h5 gxh5 37. gxh5 Rcc8) 36. h5 {Weiß steht klar auf Gewinn.} gxh5 37. gxh5 {[%cal Bg4h5,Bh5h6][%mdl 32]} b4 38. cxb4 cxb4 {[#]} 39. h6 $1 {[%mdl 512] Precision: Weiß = 83%, Schwarz = 40%.} 1-0

[Event "SVK Extraliga 2017-18"]
[Site "Slovakia"]
[Date "2017.12.09"]
[Round "5"]
[White "Cvek, Robert"]
[Black "Cernousek, Lukas"]
[Result "1/2-1/2"]
[WhiteElo "2498"]
[BlackElo "2456"]
[Annotator "TA"]
[PlyCount "74"]
[EventDate "2017.??.??"]
[EventType "team-tourn"]
[EventCountry "SVK"]
[SourceTitle "playchess.com"]
[Source "ChessBase"]
[SourceQuality "1"]

{[%evp 23,74,5,3,0,0,0,0,0,0,0,1,0,6,4,6,6,5,6,10,0,0,0,0,0,0,0,0,0,0,0,0,0,0,0,0,0,0,0,0,0,0,0,0,0,0,0,0,0,0,0,0,0,0]} 1. Nf3 Nf6 2. c4 c5 3. g3 g6 4. Bg2 Bg7 5. O-O O-O 6. d4 cxd4 7. Nxd4 d5 8. cxd5 Nxd5 9. Nc3 Nxc3 10. bxc3 Nc6 11. Nxc6 bxc6 12. Bxc6 {D75: Fianchetto Grünfeld: Main Line with 7...c5} (12. Qa4 Bxc3 13. Rb1 Be6 14. Bh6 Bg7 15. Bxg7 Kxg7 16. Bxc6 Rc8 17. Bf3 Rc7 18. Rfd1 Qc8 19. h4 Bf5 {1-0 (44) Van Wely,L (2663)-Gajewski,G (2630) Germany 2017}) 12... Bh3 {LiveBook: 5 Games. The position is equal.} 13. Bg2 Bxg2 14. Qxd8 Rfxd8 15. Kxg2 Bxc3 16. Rb1 Rd7 $146 ({Predecessor:} 16... Rab8 17. Be3 a5 18. Rfc1 Rxb1 19. Rxb1 Bb4 20. Rc1 f6 21. f4 Kf7 22. Kf3 f5 23. Rc7 Ke6 24. Ra7 Rc8 {½-½ (24) Abramovic,B (2465)-Vujacic,I (2228) Cetinje 2009}) 17. Be3 Bd2 18. Rfd1 Rad8 19. Bc5 f6 20. Rb3 Kf7 21. Ra3 a5 $1 22. Bb6 Rb8 23. Be3 Rbd8 24. Bxd2 Rxd2 25. Rxd2 Rxd2 $11 {[%mdl 4096] Endgame KR-KR} 26. e4 Rd4 27. Kf3 a4 28. Ke3 e5 29. Rc3 g5 30. Rc7+ Kg6 31. f4 gxf4+ 32. gxf4 f5 33. exf5+ Kxf5 34. Rxh7 {[#] aiming for Rh5+.} Re4+ 35. Kd3 {Rf7+ would kill now.} Rd4+ 36. Ke3 {Threatens to win with Rh5+.} Re4+ 37. Kd3 {Threatening mate with Rf7+.} Rd4+ {Precision: White = 84%, Black = 82%.} 1/2-1/2